000 00307nam a2200121Ia 4500
008 190216s9999||||xx |||||||||||||| ||und||
100 _aJames English & Harold G Cassidy
245 0 _aPrinciles Of Organic Chemistry
260 _bMcgraw -hill
_c1961
300 _a515p
650 _aChemistry
942 _cBK
999 _c1935
_d1935